000 00350nam a2200121Ia 4500
008 190216s9999||||xx |||||||||||||| ||und||
100 _aCarl Hamacher V
 Zvonko G Vranesic
 Safwat G Zaky
245 0 _aComputer Organization
260 _bTata Mcgraw Hill Publishing Company Ltd
300 _a555 p
650 _aComputer Science
942 _cBK
999 _c8683
_d8683